| 000 | nam a22 a 4500 | ||
|---|---|---|---|
| 999 |
_c408367 _d408367 |
||
| 003 | BLK | ||
| 005 | 20210414162256.0 | ||
| 008 | 210414b bu |||||r|||| 00| | bu d | ||
| 040 | _aBLK | ||
| 041 |
_aBUL _cBUL |
||
| 080 |
_aСтарогръцки език _b811.142 _z811.142 |
||
| 100 |
_9244777 _aБалабанов, Марко Димитриев _eпърви автор |
||
| 139 | _a Балабанов, Марко Димитриев | ||
| 245 |
_aЕллинска христоматия с обяснения на български _bЧ. 1-2 _cСъстав. Марко Д. Балабанов _nЧ. 2 |
||
| 260 |
_aСофия _c 1892-1895 |
||
| 300 | _c21 см | ||
| 380 | _a80 | ||
| 490 |
_9435080 _aКолекция Редки и ценни издания |
||
| 650 | 7 |
_9172020 _aСтарогръцки език |
|
| 653 | 7 |
_9197324 _aстарогръцки език |
|
| 653 | 7 |
_9200246 _aхристоматии |
|
| 760 |
_dСофия, 1895 _h176 с. _oЧ. 2 |
||
| 852 |
_aРб 895 _bРц |
||
| 942 |
_cKNG _n0 _s1 |
||
| 944 |
_aCR _c2021-04-14 _kХристина Везирева |
||